Interpretation of statutes and legislation
محفوظ في:
| المؤلف الرئيسي: | |
|---|---|
| مؤلفون آخرون: | |
| التنسيق: | كتاب |
| منشور في: |
Haryana:
Allahabad law agency,
c2005.
|
| الموضوعات: | |
| الوسوم: |
إضافة وسم
لا توجد وسوم, كن أول من يضع وسما على هذه التسجيلة!
|
MARC
| LEADER | 00000nam a22000007a 4500 | ||
|---|---|---|---|
| 005 | 20260415090342.0 | ||
| 020 | |a N/A |c TZS 13,352/= | ||
| 040 | |a MCCL |b eng. |e AACR 2nd rev. ed. | ||
| 082 | |a 348.02 TAN | ||
| 100 | |a Tandon Mahesh Prasad | ||
| 245 | |a Interpretation of statutes and legislation |c /Mahesh Prasad Tandon and Justice Rajesh Tandon | ||
| 260 | |a Haryana: |b Allahabad law agency, |c c2005. | ||
| 300 | |a xlviii,422P.: |c 24 cm. | ||
| 546 | |a eng. | ||
| 650 | |a Legislation | ||
| 650 | |a Interpretation of statute | ||
| 650 | |a Judicial process | ||
| 700 | |a Tandon, J | ||
| 942 | |c BK | ||
| 999 | |c 12630 |d 12630 | ||